| 000 | 00402nam a22001697a 4500 | ||
|---|---|---|---|
| 003 | BD-DhUIB | ||
| 005 | 20251020183632.0 | ||
| 008 | 251020b |||||||| |||| 00| 0 eng d | ||
| 040 |
_aBD-DhUIB _cBD-DhUIB |
||
| 050 | _a658.5 | ||
| 082 | _222 | ||
| 100 |
_aWilliam Stevenson. _91032 |
||
| 245 |
_aOperations management/ _cby William. Stevenson. |
||
| 250 | _a8th ed. | ||
| 526 | _aBBA | ||
| 942 |
_2ddc _cBK |
||
| 999 |
_c585 _d585 |
||